Eastern Utah Libraries Catalog: Duchesne, Heber, Roosevelt, & Vernal

Sunny the bunny : (Record no. 352879)

MARC details
000 -LEADER
fixed length control field 01859cam a2200457Ii 4500
001 - CONTROL NUMBER
control field on1137756653
003 - CONTROL NUMBER IDENTIFIER
control field OCoLC
005 - DATE AND TIME OF LATEST TRANSACTION
control field 20200828101601.0
008 - FIXED-LENGTH DATA ELEMENTS--GENERAL INFORMATION
fixed length control field 200412s2020 txua j 000 1 eng d
040 ## - CATALOGING SOURCE
Original cataloging agency YDX
Language of cataloging eng
Transcribing agency YDX
Modifying agency OCLCQ
-- MIBLS
-- BDX
-- OCLCO
-- OCLCF
-- LE@
-- UINTA
020 ## - INTERNATIONAL STANDARD BOOK NUMBER
International Standard Book Number 1626347387
020 ## - INTERNATIONAL STANDARD BOOK NUMBER
International Standard Book Number 9781626347380
035 ## - SYSTEM CONTROL NUMBER
System control number (OCoLC)1137756653
049 ## - LOCAL HOLDINGS (OCLC)
Holding library UCLB
100 1# - MAIN ENTRY--PERSONAL NAME
Personal name Higgins, Jace,
Relator term author,
-- illustrator.
9 (RLIN) 6370866
245 10 - TITLE STATEMENT
Title Sunny the bunny :
Remainder of title goes to camp /
Statement of responsibility, etc Jace Higgins and Paige Bekish.
250 ## - EDITION STATEMENT
Edition statement First edition.
264 #1 - Production, Publication, Distribution, Manufacture, and Copyright Notice.
Place of production, publication, distribution, manufacture Austin, Texas :
Name of producer, publisher, distributor, manufacturer Greenleaf Book Group Press,
Date of production, publication, distribution, manufacture, or copyr 2020.
300 ## - PHYSICAL DESCRIPTION
Extent 1 volume (unpaged) :
Other physical details illustrations ;
Dimensions 29 cm
336 ## - Content Type
Content type term text
337 ## - Media type
Media type term unmediated
338 ## - Carrier type
Carrier type term volume
520 ## - SUMMARY, ETC.
Summary, etc Sunny the bunny is finding it hard to say goodbye to home before she leaves for sleepaway camp. When she decides to try new things at camp, Sunny discovers tha tnew things can be fun.
650 #0 - SUBJECT ADDED ENTRY--TOPICAL TERM
Topical term or geographic name as entry element Rabbits
Form subdivision Juvenile fiction.
9 (RLIN) 5674643
650 #0 - SUBJECT ADDED ENTRY--TOPICAL TERM
Topical term or geographic name as entry element Camps
Form subdivision Juvenile fiction.
9 (RLIN) 5681971
650 #7 - SUBJECT ADDED ENTRY--TOPICAL TERM
Topical term or geographic name as entry element Camps.
Source of heading or term fast
-- (OCoLC)fst00844959
9 (RLIN) 6370867
650 #0 - SUBJECT ADDED ENTRY--TOPICAL TERM
Topical term or geographic name as entry element Camping
Form subdivision Juvenile fiction.
9 (RLIN) 5679246
650 #0 - SUBJECT ADDED ENTRY--TOPICAL TERM
Topical term or geographic name as entry element Fears
Form subdivision Juvenile fiction
9 (RLIN) 6370868
650 #0 - SUBJECT ADDED ENTRY--TOPICAL TERM
Topical term or geographic name as entry element Courage
Form subdivision Juvenile fiction.
9 (RLIN) 5674775
650 #7 - SUBJECT ADDED ENTRY--TOPICAL TERM
Topical term or geographic name as entry element Rabbits.
Source of heading or term fast
-- (OCoLC)fst01086347
9 (RLIN) 6370869
655 #7 - INDEX TERM--GENRE/FORM
Genre/form data or focus term Picture books.
Source of term lcgft
9 (RLIN) 6370870
655 #7 - INDEX TERM--GENRE/FORM
Genre/form data or focus term Fiction.
Source of term fast
-- (OCoLC)fst01423787
9 (RLIN) 5673940
655 #7 - INDEX TERM--GENRE/FORM
Genre/form data or focus term Animal fiction.
Source of term lcgft
9 (RLIN) 5748285
655 #7 - INDEX TERM--GENRE/FORM
Genre/form data or focus term Juvenile works.
Source of term fast
-- (OCoLC)fst01411637
9 (RLIN) 5673941
700 1# - ADDED ENTRY--PERSONAL NAME
Personal name Bekish, Paige,
Relator term author,
-- illustrator.
9 (RLIN) 6370871
938 ## -
-- Brodart
-- BROD
-- 126945519
938 ## -
-- Brodart
-- BROD
-- 126433755
938 ## -
-- YBP Library Services
-- YANK
-- 16619649
938 ## -
-- YBP Library Services
-- YANK
-- 16723873
994 ## -
-- C0
-- UINTA
Holdings
Withdrawn status Lost status Source of classification or shelving scheme Damaged status Not for loan Collection code Home library Current library Shelving location Date acquired Source of acquisition Total Checkouts Total Renewals Full call number Barcode Date last seen Date checked out Cost, replacement price Price effective from Koha item type
    Dewey Decimal Classification     Children Picture Books Wasatch County Library Wasatch County Library Main Floor Childrens Area 11/17/2020 Donation 18 12 E Higgins 34301001706045 01/18/2026 01/02/2026 15.95 11/17/2020 BOOK
This project was made possible through a grant from the Institute of Museum and Library Service administered by the Utah State Library Division.

Wasatch County Library

  • 465 East 1200 South, Heber City, Utah 84032
  • Phone 435-654-1511 | Fax 435-654-6456

Hours

  • Monday - Friday 9:30 AM - 8:00 PM
  • Saturday 9:30 AM - 1:30 PM
  • Closed Sundays and Holidays